PRACTICAL ETHICS (Record no. 60567)
[ view plain ]
| 000 -LEADER | |
|---|---|
| fixed length control field | 00316nam a22001457a 4500 |
| 008 - FIXED-LENGTH DATA ELEMENTS--GENERAL INFORMATION | |
| fixed length control field | 240129b ||||| |||| 00| 0 eng d |
| 020 ## - INTERNATIONAL STANDARD BOOK NUMBER | |
| International Standard Book Number | 0905223888 |
| 041 ## - LANGUAGE CODE | |
| Language code of text/sound track or separate title | eng |
| 080 ## - UNIVERSAL DECIMAL CLASSIFICATION NUMBER | |
| Edition identifier | 1984 |
| Universal Decimal Classification number | 618 |
| 082 ## - DEWEY DECIMAL CLASSIFICATION NUMBER | |
| Classification number | 618MAH |
| 100 ## - Rafti | |
| Rafti | 15 |
| 101 ## - Shkurtesa | |
| Shkurtesa | GJINE |
| 245 ## - TITLE STATEMENT | |
| Title | PRACTICAL ETHICS |
| Statement of responsibility, etc | JOSEPH MAHON |
| 942 ## - ADDED ENTRY ELEMENTS (KOHA) | |
| Source of classification or shelving scheme | |
| Item type | Books |
No items available.